[Event "NOR-chB"]
[Site "Oslo"]
[Date "2023.07.02"]
[Round "2"]
[White "Lye, Sigurd"]
[Black "Strand, Vetle Bjorge"]
[Result "0-1"]
[WhiteElo "1992"]
[BlackElo "2116"]
[PlyCount "116"]
[EventDate "2023.06.30"]
[EventType "swiss"]
[EventRounds "9"]
[EventCountry "NOR"]
[SourceTitle "EXT 2024"]
[Source "ChessBase"]
[SourceDate "2023.10.10"]
[SourceVersion "1"]
[SourceVersionDate "2023.10.10"]
[SourceQuality "1"]

1. e4 c6 2. Nc3 d5 3. Nf3 dxe4 4. Nxe4 Nf6 5. Qe2 Nxe4 6. Qxe4 Qd5 7. Qf4 Qf5 8. Qe3 Qe6 9. b3 Qxe3+ 10. dxe3 Bf5 11. Bd3 Bxd3 12. cxd3 e6 13. Bb2 Bb4+ 14. Ke2 0-0 15. Rac1 Nd7 16. Ne5 Nxe5 17. Bxe5 Rfd8 18. Bb2 Be7 19. Rc4 f5 20. g4 Kf7 21. gxf5 exf5 22. Rg1 Bf6 23. Bxf6 Kxf6 24. Rc5 Rd7 25. d4 Rad8 26. f4 Rd5 27. b4 Rxc5 28. bxc5 b5 29. cxb6 axb6 30. Rc1 Rc8 31. Rb1 Rb8 32. Rb3 Ke6 33. Kd3 Kd5 34. Ra3 Rb7 35. Ra8 c5 36. Rd8+ Kc6 37. d5+ Kb5 38. Kc3 Re7 39. d6 Rxe3+ 40. Kd2 Re4 41. Kc3 Rxf4 42. Rg8 Rd4 43. Rxg7 Rxd6 44. Rxh7 Rf6 45. Rh3 f4 46. Rf3 Kc6 47. h4 Kd5 48. Kd3 c4+ 49. Ke2 Ke4 50. h5 b5 51. a3 Rf5 52. Rh3 f3+ 53. Kf2 c3 54. Rh4+ Kd3 55. h6 c2 56. Rh1 Rf7 57. h7 Rxh7 58. Rxh7 c1Q 0-1

[Event "Fagernes op-A"]
[Site "Fagernes"]
[Date "2023.04.07"]
[Round "7"]
[White "Lye, Sigurd"]
[Black "Mizzi, Jack"]
[Result "1/2-1/2"]
[WhiteElo "1980"]
[BlackElo "2049"]
[PlyCount "88"]
[EventDate "2023.04.02"]
[EventType "swiss"]
[EventRounds "9"]
[EventCountry "NOR"]
[SourceTitle "CBM 213 Extra"]
[Source "ChessBase"]
[SourceDate "2023.05.31"]
[SourceVersion "1"]
[SourceVersionDate "2023.05.31"]
[SourceQuality "1"]

1. e4 c6 2. d4 d5 3. exd5 cxd5 4. Bd3 Nc6 5. c3 Qc7 6. h3 Nf6 7. Ne2 g6 8. Bf4 Qb6 9. Qb3 Qxb3 10. axb3 Bg7 11. b4 Bf5 12. Bxf5 gxf5 13. b5 Nd8 14. Nd2 0-0 15. 0-0 Ne6 16. Bh2 Bh6 17. Nf3 f4 18. Ra2 Nc7 19. Nxf4 Nxb5 20. Nd3 a5 21. Rfa1 b6 22. Nde5 Rfc8 23. Ng4 Nxg4 24. hxg4 Bg7 25. Ne1 Rc6 26. Nd3 Rac8 27. Re1 e6 28. Kf1 Rc4 29. Rea1 f6 30. Ra4 Kf7 31. f3 h6 32. Bg1 Bf8 33. Be3 Nd6 34. R4a2 Nb7 35. Kf2 b5 36. Rh1 Kg6 37. Nf4+ Kf7 38. Ne2 Kg6 39. Raa1 b4 40. Nf4+ Kf7 41. Ne2 Kg6 42. Nf4+ Kf7 43. Ne2 Kg6 44. Nf4+ Kf7 1/2-1/2

[Event "Fagernes op-A"]
[Site "Fagernes"]
[Date "2023.04.03"]
[Round "2"]
[White "Hentrich, Johannes"]
[Black "Lye, Sigurd"]
[Result "1/2-1/2"]
[WhiteElo "2166"]
[BlackElo "1980"]
[PlyCount "77"]
[EventDate "2023.04.02"]
[EventType "swiss"]
[EventRounds "9"]
[EventCountry "NOR"]
[SourceTitle "CBM 213 Extra"]
[Source "ChessBase"]
[SourceDate "2023.05.31"]
[SourceVersion "1"]
[SourceVersionDate "2023.05.31"]
[SourceQuality "1"]

1. e4 c5 2. Nf3 Nc6 3. d4 cxd4 4. Nxd4 Nf6 5. Nc3 e5 6. Ndb5 d6 7. Bg5 a6 8. Na3 b5 9. Nd5 Be7 10. Bxf6 Bxf6 11. c3 Ne7 12. Nxf6+ gxf6 13. Be2 Bb7 14. Bf3 d5 15. exd5 Bxd5 16. Bxd5 Qxd5 17. Qxd5 Nxd5 18. 0-0-0 Rd8 19. g3 Ke7 20. Nc2 f5 21. Rhe1 Kf6 22. Rd2 Ne7 23. Red1 Rxd2 24. Rxd2 Ke6 25. Nb4 a5 26. Nd3 Rc8 27. a3 Nd5 28. Kb1 e4 29. Nc1 b4 30. axb4 axb4 31. cxb4 Nxb4 32. Ne2 Nd3 33. Nf4+ Nxf4 34. gxf4 Rb8 35. Re2 Kd5 36. Kc2 Rc8+ 37. Kd2 Rb8 38. Kc3 Rc8+ 39. Kd2 1/2-1/2

[Event "Kragero op"]
[Site "Kragero"]
[Date "2023.02.25"]
[Round "8"]
[White "Jonsson, Gauti Pall"]
[Black "Lye, Sigurd"]
[Result "1/2-1/2"]
[WhiteElo "2047"]
[BlackElo "1958"]
[PlyCount "41"]
[EventDate "2023.02.22"]
[EventType "swiss"]
[EventRounds "9"]
[EventCountry "NOR"]
[SourceTitle "CBM 212 Extra"]
[Source "ChessBase"]
[SourceDate "2023.03.31"]
[SourceVersion "1"]
[SourceVersionDate "2023.03.31"]
[SourceQuality "1"]

1. Nf3 c5 2. b3 d5 3. e3 Bg4 4. h3 Bh5 5. Bb5+ Nc6 6. Bxc6+ bxc6 7. g4 Bg6 8. h4 Be4 9. d3 Bxf3 10. Qxf3 e5 11. Nc3 c4 12. dxc4 Bb4 13. Bd2 Qa5 14. Nb1 Bxd2+ 15. Nxd2 Rd8 16. Rd1 Ne7 17. 0-0 Qxa2 18. cxd5 cxd5 19. Nc4 0-0 20. Ra1 Qxc2 21. Rfc1 1/2-1/2

[Event "Heart of Finland op 30th"]
[Site "Jyvaskyla"]
[Date "2022.07.23"]
[Round "8"]
[White "Lehtosaari, Mauri"]
[Black "Lye, Sigurd"]
[Result "1/2-1/2"]
[WhiteElo "2199"]
[BlackElo "1717"]
[PlyCount "68"]
[EventDate "2022.07.18"]
[EventType "swiss"]
[EventRounds "9"]
[EventCountry "FIN"]
[SourceTitle "CBM 209 Extra"]
[Source "ChessBase"]
[SourceDate "2022.09.30"]
[SourceVersion "1"]
[SourceVersionDate "2022.09.30"]
[SourceQuality "1"]

1. Nf3 d5 2. d4 Nf6 3. Bf4 e6 4. e3 Bd6 5. Nbd2 0-0 6. Bd3 c5 7. c3 Qc7 8. Bxd6 Qxd6 9. Ne5 b6 10. f4 Bb7 11. Qf3 Nbd7 12. g4 Ne8 13. g5 f5 14. gxf6 Nexf6 15. 0-0-0 c4 16. Bc2 b5 17. Rdg1 b4 18. Bxh7+ Nxh7 19. Rxg7+ Kxg7 20. Qg4+ Kh8 21. Ng6+ Kg7 22. Ne5+ Kh8 23. Rg1 Qxe5 24. fxe5 Rg8 25. Qd1 Rxg1 26. Qxg1 bxc3 27. bxc3 Rg8 28. Qf2 Ndf8 29. h4 Bc6 30. Nf3 Be8 31. Ng5 Bg6 32. Qf4 Rg7 33. Nxh7 Nxh7 34. Qh6 Bf5 1/2-1/2

[Event "Fagernes op"]
[Site "Fagernes"]
[Date "2020.10.09"]
[Round "7"]
[White "Cross, Jamie"]
[Black "Lye, Sigurd"]
[Result "1-0"]
[WhiteElo "1711"]
[BlackElo "1776"]
[PlyCount "99"]
[EventDate "2020.10.04"]
[EventType "swiss"]
[EventRounds "9"]
[EventCountry "NOR"]
[SourceTitle "EXT 2024"]
[Source "ChessBase"]
[SourceDate "2023.10.10"]
[SourceVersion "1"]
[SourceVersionDate "2023.10.10"]
[SourceQuality "1"]

1. d4 Nf6 2. Nc3 d5 3. Bf4 e6 4. e3 Bb4 5. Bd3 c5 6. dxc5 Nbd7 7. Bb5 Qa5 8. Bxd7+ Bxd7 9. Nge2 Ne4 10. 0-0 Nxc3 11. Nxc3 Qxc5 12. Ne2 Qe7 13. c3 Ba5 14. Bg3 0-0 15. Nd4 Rad8 16. Qb3 Bb6 17. a4 Bc6 18. Nxc6 bxc6 19. a5 Bc5 20. Qa4 Rc8 21. b4 Bd6 22. Bxd6 Qxd6 23. c4 dxc4 24. Rfd1 Qe5 25. Rd7 Rc7 26. Rxc7 Qxc7 27. Rc1 Qd6 28. Rxc4 Qd2 29. g3 Qd3 30. Qxc6 Rd8 31. Rd4 Qb1+ 32. Kg2 Rf8 33. Qc5 g6 34. Qxa7 e5 35. Rc4 Qd3 36. Qc5 f5 37. Rc1 Qd2 38. Qc4+ Kg7 39. Qc3 Qd5+ 40. Kg1 Re8 41. a6 Kh6 42. Qc6 Qd2 43. Qxe8 Qxc1+ 44. Kg2 e4 45. Qf8+ Kh5 46. Qd8 Kh6 47. a7 Qe1 48. a8Q Qe2 49. Qh4+ Kg7 50. Qb7+ 1-0

[Event "Fagernes op"]
[Site "Fagernes"]
[Date "2020.10.06"]
[Round "4"]
[White "Lye, Sigurd"]
[Black "Myagmarsuren, Evsuld"]
[Result "1/2-1/2"]
[WhiteElo "1776"]
[BlackElo "1678"]
[PlyCount "65"]
[EventDate "2020.10.04"]
[EventType "swiss"]
[EventRounds "9"]
[EventCountry "NOR"]
[SourceTitle "EXT 2024"]
[Source "ChessBase"]
[SourceDate "2023.10.10"]
[SourceVersion "1"]
[SourceVersionDate "2023.10.10"]
[SourceQuality "1"]

1. e4 c5 2. Nf3 d6 3. Bb5+ Bd7 4. Bxd7+ Nxd7 5. 0-0 g6 6. c3 Bg7 7. d4 e6 8. Bg5 Qc7 9. Nbd2 Ngf6 10. h3 0-0 11. Qe2 Rfe8 12. e5 dxe5 13. dxe5 Nd5 14. c4 Ne7 15. Bf4 Nc6 16. Rfe1 Red8 17. Nf1 Nb6 18. Rad1 Rxd1 19. Rxd1 Rd8 20. Rxd8+ Qxd8 21. Ng3 Nd4 22. Qe4 Nxc4 23. Qxb7 Nxf3+ 24. gxf3 Nxe5 25. Bxe5 Bxe5 26. Qxa7 Bxg3 27. fxg3 Qd4+ 28. Kf1 Qxb2 29. Qxc5 Qxa2 30. Qc8+ Kg7 31. Qc3+ f6 32. Qc7+ Kh6 33. Qf4+ 1/2-1/2

[Event "Liberec op 20th"]
[Site "Liberec"]
[Date "2020.02.26"]
[Round "6"]
[White "Lye, Sigurd"]
[Black "Bradac, Daniel"]
[Result "0-1"]
[WhiteElo "1738"]
[BlackElo "1975"]
[PlyCount "82"]
[EventDate "2020.02.22"]
[EventType "swiss"]
[EventRounds "9"]
[EventCountry "CZE"]
[SourceTitle "CBM 195 Extra"]
[Source "ChessBase"]
[SourceDate "2020.05.31"]
[SourceVersion "1"]
[SourceVersionDate "2020.05.31"]
[SourceQuality "1"]

1. e4 d5 2. exd5 Qxd5 3. Nc3 Qd8 4. d4 Nf6 5. Nf3 Bg4 6. h3 Bh5 7. g4 Bg6 8. Ne5 Nbd7 9. Nxg6 hxg6 10. Bg2 c6 11. Bf4 e6 12. Qd2 Nb6 13. Qd3 Bd6 14. Bg5 Qc7 15. Ne4 Be7 16. Nxf6+ gxf6 17. Bd2 0-0-0 18. 0-0-0 c5 19. Be3 c4 20. Qd2 Nd5 21. c3 b5 22. Kb1 a5 23. a3 Qb7 24. f4 Kd7 25. Qc2 Rb8 26. Bxd5 Qxd5 27. Kc1 Rhc8 28. Rh2 b4 29. axb4 axb4 30. Kd2 b3 31. Qc1 Ra8 32. Ke1 Ra2 33. Qd2 Ba3 34. Rb1 Qe4 35. Qc1 Bd6 36. Kf1 g5 37. Rf2 Rh8 38. fxg5 Rxh3 39. Ke2 Qd3+ 40. Ke1 Rh1+ 41. Rf1 Rxf1# 0-1

[Event "Helsingor Xtracon op"]
[Site "Helsingor"]
[Date "2019.07.27"]
[Round "9"]
[White "Berg, Margar"]
[Black "Lye, Sigurd"]
[Result "1/2-1/2"]
[WhiteElo "1857"]
[BlackElo "1593"]
[PlyCount "91"]
[EventDate "2019.07.20"]
[EventType "swiss"]
[EventRounds "10"]
[EventCountry "DEN"]
[SourceTitle "CBM 191 Extra"]
[Source "ChessBase"]
[SourceDate "2019.09.30"]
[SourceVersion "1"]
[SourceVersionDate "2019.09.30"]
[SourceQuality "1"]

1. d4 Nf6 2. c4 g6 3. g3 Bg7 4. Bg2 0-0 5. Nf3 d6 6. 0-0 Nbd7 7. Nc3 e5 8. dxe5 dxe5 9. Ng5 Nc5 10. b4 Ne6 11. Nge4 Nxe4 12. Nxe4 f5 13. Ng5 e4 14. Rb1 Bf6 15. Nh3 Qxd1 16. Rxd1 Nd4 17. Bf1 Be6 18. e3 Nf3+ 19. Kg2 Rfd8 20. Rxd8+ Rxd8 21. Nf4 Bf7 22. Nd5 Bxd5 23. cxd5 Ne1+ 24. Kg1 Nd3 25. Bxd3 exd3 26. Bd2 Rxd5 27. Rb3 Kf7 28. f4 h5 29. Kf2 Ke6 30. Kf3 c6 31. e4 fxe4+ 32. Kxe4 g5 33. Rxd3 Rxd3 34. Kxd3 gxf4 35. Bxf4 Kd5 36. h3 Bg7 37. g4 hxg4 38. hxg4 b6 39. g5 Be5 40. g6 Bg7 41. Bb8 a6 42. Bc7 c5 43. bxc5 bxc5 44. Bf4 c4+ 45. Kc2 Ke4 46. Bd2 1/2-1/2

[Event "Helsingor Xtracon op"]
[Site "Helsingor"]
[Date "2019.07.23"]
[Round "5"]
[White "Valkama, Eero"]
[Black "Lye, Sigurd"]
[Result "1-0"]
[WhiteElo "2286"]
[BlackElo "1593"]
[PlyCount "153"]
[EventDate "2019.07.20"]
[EventType "swiss"]
[EventRounds "10"]
[EventCountry "DEN"]
[SourceTitle "CBM 191 Extra"]
[Source "ChessBase"]
[SourceDate "2019.09.30"]
[SourceVersion "1"]
[SourceVersionDate "2019.09.30"]
[SourceQuality "1"]

1. e4 c5 2. Nf3 d6 3. c3 Nf6 4. Be2 Nc6 5. d3 e6 6. 0-0 Be7 7. Re1 0-0 8. Nbd2 Qc7 9. Nf1 a6 10. Ng3 b5 11. h3 d5 12. exd5 Nxd5 13. Bf1 Bb7 14. Bg5 f6 15. Bd2 e5 16. Nf5 Bc8 17. N3h4 Re8 18. Qf3 Nb6 19. Qg3 Bf8 20. d4 Kh8 21. dxe5 Nxe5 22. Rad1 g5 23. f4 Bxf5 24. Nxf5 Ng6 25. fxg5 Qxg3 26. Nxg3 Rxe1 27. Rxe1 Rd8 28. Bc1 fxg5 29. Bxg5 Rd5 30. Bc1 Bd6 31. Re8+ Kg7 32. Ne4 Rd1 33. Be3 Nc4 34. Nxd6 Nxe3 35. Rxe3 Rxd6 36. Kf2 Nf4 37. g3 Nd5 38. Rd3 Rf6+ 39. Ke2 Nb6 40. b3 c4 41. Rd4 Rg6 42. g4 Rc6 43. Bg2 Rc7 44. Kd2 Rf7 45. Ke3 Rc7 46. Kd2 Rf7 47. Kc2 Rf2+ 48. Rd2 cxb3+ 49. axb3 Rxd2+ 50. Kxd2 a5 51. Bc6 b4 52. c4 Nc8 53. c5 Kf6 54. Kd3 Ke5 55. Kc4 h6 56. Bb7 Ne7 57. h4 Kf4 58. c6 a4 59. bxa4 b3 60. Kxb3 Nd5 61. Kc4 Nc7 62. Bc8 Ke5 63. Kc5 Kf4 64. a5 Ke5 65. a6 Kf4 66. a7 Ke5 67. Bb7 Kf4 68. a8Q Nxa8 69. Bxa8 Kxg4 70. c7 Kxh4 71. c8Q h5 72. Qg8 Kh3 73. Qg1 Kh4 74. Kd4 Kh3 75. Ke3 Kh4 76. Kf2 Kh3 77. Qg3# 1-0

[Event "Helsingor Xtracon op"]
[Site "Helsingor"]
[Date "2019.07.21"]
[Round "2"]
[White "Lye, Sigurd"]
[Black "Skjoldager, Mikael"]
[Result "1/2-1/2"]
[WhiteElo "1593"]
[BlackElo "2076"]
[PlyCount "54"]
[EventDate "2019.07.20"]
[EventType "swiss"]
[EventRounds "10"]
[EventCountry "DEN"]
[SourceTitle "CBM 191 Extra"]
[Source "ChessBase"]
[SourceDate "2019.09.30"]
[SourceVersion "1"]
[SourceVersionDate "2019.09.30"]
[SourceQuality "1"]

1. e4 e5 2. Nf3 Nc6 3. d4 exd4 4. Nxd4 Nf6 5. Nc3 Bb4 6. Nxc6 bxc6 7. Bd3 d5 8. exd5 cxd5 9. 0-0 0-0 10. Re1 c6 11. h3 h6 12. Bf4 d4 13. a3 dxc3 14. axb4 cxb2 15. Rb1 Nd5 16. Qd2 a5 17. bxa5 Nxf4 18. Qxf4 Qxa5 19. Qe4 g6 20. Qe5 Qxe5 21. Rxe5 Ra1 22. Ree1 Ra2 23. Bc4 Ra4 24. Bb3 Rb4 25. Rxb2 c5 26. c3 Rb7 27. Ree2 Bf5 1/2-1/2

[Event "Helsingor Xtracon op"]
[Site "Helsingor"]
[Date "2019.07.21"]
[Round "3"]
[White "Skjoldager, Flemming"]
[Black "Lye, Sigurd"]
[Result "0-1"]
[WhiteElo "1972"]
[BlackElo "1593"]
[PlyCount "78"]
[EventDate "2019.07.20"]
[EventType "swiss"]
[EventRounds "10"]
[EventCountry "DEN"]
[SourceTitle "CBM 191 Extra"]
[Source "ChessBase"]
[SourceDate "2019.09.30"]
[SourceVersion "1"]
[SourceVersionDate "2019.09.30"]
[SourceQuality "1"]

1. b3 e5 2. Bb2 Nc6 3. e3 d5 4. Bb5 Bd6 5. Nf3 Qe7 6. h3 f5 7. d4 e4 8. Bxc6+ bxc6 9. Ne5 Qg5 10. 0-0 Ne7 11. f4 exf3 12. Qxf3 Bxe5 13. dxe5 Ng6 14. Nd2 0-0 15. Kh2 Re8 16. Qf2 Ba6 17. Nf3 Qe7 18. Rfd1 Rf8 19. g3 Rad8 20. Rd2 c5 21. Rad1 c6 22. h4 h6 23. Qe1 c4 24. Rf2 cxb3 25. axb3 Bb5 26. Qa5 Qb7 27. Ba3 Rfe8 28. Bb2 c5 29. Ra1 a6 30. Rd2 d4 31. Ne1 Nxe5 32. exd4 Ng4+ 33. Kg1 Qe4 34. Qc3 cxd4 35. Rxd4 Rxd4 36. Qxd4 Qxe1+ 37. Rxe1 Rxe1+ 38. Kg2 Bc6+ 39. Kh3 Rh1# 0-1